Thatch : (Запис № 556268)
[ простий вигляд ]
| 000 -LEADER | |
|---|---|
| fixed length control field | 01504pam a2200361 a 4500 |
| 001 - CONTROL NUMBER | |
| control field | thatchfeaturingp00shes |
| 003 - CONTROL NUMBER IDENTIFIER | |
| control field | CaSfIA |
| 005 - DATE AND TIME OF LATEST TRANSACTION | |
| control field | 20210119102055.0 |
| 007 - PHYSICAL DESCRIPTION FIXED FIELD--GENERAL INFORMATION | |
| fixed length control field | cr|||| |
| 008 - FIXED-LENGTH DATA ELEMENTS--GENERAL INFORMATION | |
| fixed length control field | 901228s1991 nyua 000 0 eng |
| 010 ## - LIBRARY OF CONGRESS CONTROL NUMBER | |
| LC control number | 90051019 |
| 040 ## - CATALOGING SOURCE | |
| Original cataloging agency | DLC |
| Transcribing agency | DLC |
| Modifying agency | YDXCP |
| -- | BAKER |
| -- | BTCTA |
| -- | CaSfIA |
| 019 ## - | |
| -- | 123054259 |
| 020 ## - INTERNATIONAL STANDARD BOOK NUMBER | |
| International Standard Book Number | 0679736107 : |
| Terms of availability | $8.00 (U.S.) ($11.00 Can.) |
| 020 ## - INTERNATIONAL STANDARD BOOK NUMBER | |
| International Standard Book Number | 9780679736103 |
| 035 ## - SYSTEM CONTROL NUMBER | |
| System control number | (OCoLC)23180456 |
| Canceled/invalid control number | (OCoLC)123054259 |
| 050 00 - LIBRARY OF CONGRESS CALL NUMBER | |
| Classification number | PN6727.S515 |
| Item number | T43 1991 |
| 082 00 - DEWEY DECIMAL CLASSIFICATION NUMBER | |
| Classification number | 741.5/973 |
| Edition number | 20 |
| 029 1# - (OCLC) | |
| OCLC library identifier | YDXCP |
| System control number | 545139 |
| 029 1# - (OCLC) | |
| OCLC library identifier | NZ1 |
| System control number | 4119370 |
| 100 1# - MAIN ENTRY--PERSONAL NAME | |
| Personal name | Shesol, Jeff. |
| 245 10 - TITLE STATEMENT | |
| Title | Thatch : |
| Medium | [electronic resource] |
| Remainder of title | featuring politically correct person / |
| Statement of responsibility, etc | by Jeff Shesol. |
| 250 ## - EDITION STATEMENT | |
| Edition statement | 1st ed. |
| 260 ## - PUBLICATION, DISTRIBUTION, ETC. (IMPRINT) | |
| Place of publication, distribution, etc | New York : |
| Name of publisher, distributor, etc | Vintage Books, |
| Date of publication, distribution, etc | 1991. |
| 300 ## - PHYSICAL DESCRIPTION | |
| Extent | 1 v. (unpaged) : |
| Other physical details | ill. ; |
| Dimensions | 16 x 24 cm. |
| 500 ## - GENERAL NOTE | |
| General note | Text in cartoon form. |
| 500 ## - GENERAL NOTE | |
| General note | "A Vintage original"--T.p. verso. |
| 506 ## - RESTRICTIONS ON ACCESS NOTE | |
| Standardized terminology for access restriction | Необхідна авторизація на https://archive.org/ (створення облікового запису безкоштовно) |
| 506 ## - RESTRICTIONS ON ACCESS NOTE | |
| Standardized terminology for access restriction | Необхідна авторизація на https://openlibrary.org/ (створення облікового запису безкоштовно) |
| 856 41 - ELECTRONIC LOCATION AND ACCESS | |
| Uniform Resource Identifier | <a href="http://www.archive.org/details/thatchfeaturingp00shes">http://www.archive.org/details/thatchfeaturingp00shes</a> |
| Public note | Free eBook from the Internet Archive |
| 856 42 - ELECTRONIC LOCATION AND ACCESS | |
| Uniform Resource Identifier | <a href="http://www.openlibrary.org/books/OL1889373M">http://www.openlibrary.org/books/OL1889373M</a> |
| Public note | Additional information and access via Open Library |
| 942 ## - ADDED ENTRY ELEMENTS (KOHA) | |
| Koha item type | ЕКнига |
Немає доступних примірників.